00830nam a22002057a 4500003000900000005001700009007000300026008004100029020001800070040002600088082002400114100003700138245005600175260004100231300002200272500007000294500021000364650002400574650002600598DO-SdBNP20240229073950.0ta220609b2021 dr ||||| |||| 00| p spa d a9789945627695 aDO-SdBNPbspacBNPHU  4aRD861.44bL296i2221 aLantigua, José Rafael, d1949-10aIniciación de la tarde /cJosé Rafael Lantigua. aSanto Domingo : bSantuario, c2021. a74 p. ; c22 cm.  aIncluye datos biográficos del autor en la solapa de la cubierta aEste libro fue finalista del VIII Premio Internacional de Poesía Pilar Fernández Labrador, de la ciudad de Salamanca, España, donde participaron 1,305 poemarios procedentes de autores de 28 países. aPoesía dominicana aLiteratura dominicana